Statistics for Квиз о Кини

Click here to take the quiz!

General Stats

  • This quiz has been taken 382 times
  • The average score is 11 of 27

Answer Stats

ОписОдговор% Correct
Главни градПекинг
98%
Назив бивше британске колоније предате Кини 1997.Хонг Конг
69%
Митолошка животиња која се често користи за представљање КинеЗмај
69%
Највећа пустињаГоби
68%
Које три гране кинеског језика имају највише говорника?Мандарински
62%
Две најдуже рекеЈангцекјанг
62%
Први вођа комунистичке КинеМао Цедунг
59%
Национална животињаЏиновска Панда
56%
Званичан назив ове државеНародна Република Кина
54%
Највиши врхМонт Еверест
50%
Назив бивше португалске колоније предате Кини 1999.Макао
45%
Папир
42%
Кантонски
41%
Земља анексирана од стране Кине 1950.Тибет
41%
Четири важна изума старе КинеБарут
40%
Хоангхо
38%
Име најутицајнијег кинеског философаКонфучије
34%
Назив валутеРенминби
34%
Постоји дванаест животиња у кинеском хороскопу. Која је прва?Пацов
31%
Неформални назив североистока КинеМанџурија
28%
Назив царске палате у ПекингуЗабрањени Град
27%
Компас
20%
Која религија / философска традиција, прати учења Лаозија?Таоизам
15%
Који трг је постао познат по студентским протестима 1989.Тјенанмен
10%
Ву/ Шангајски
8%
Назив највећег кинеског острваХајнан
5%
Штампарство
3%

Score Distribution

Percentile by Number Answered

Percent of People with Each Score

Your Score History

You have not taken this quiz